Biocomercio : (Registro nro. 15334)
[ vista simple ]
| 000 -LEADER | |
|---|---|
| fixed length control field | 02067cam a2200265 a 4500 |
| 003 - CONTROL NUMBER IDENTIFIER | |
| control field | OSt |
| 005 - DATE AND TIME OF LATEST TRANSACTION | |
| control field | 20210311100524.0 |
| 008 - FIXED-LENGTH DATA ELEMENTS--GENERAL INFORMATION | |
| fixed length control field | 010108t 2000ck ad r 000 0 spa d |
| 020 ## - INTERNATIONAL STANDARD BOOK NUMBER | |
| International Standard Book Number | 9589682626 |
| 040 ## - CATALOGING SOURCE | |
| Original cataloging agency | CO-BoPUJ |
| Transcribing agency | CO-JMCR |
| 041 0# - LANGUAGE CODE | |
| Language code of text/sound track or separate title | spa |
| 082 04 - DEWEY DECIMAL CLASSIFICATION NUMBER | |
| Classification number | 333.72 / |
| Item number | I597b |
| Edition number | 23 |
| 110 2# - MAIN ENTRY--CORPORATE NAME | |
| Corporate name or jurisdiction name as entry element | Instituto de Investigación de Recursos Biológicos Alexander von Humboldt |
| 9 (RLIN) | 35930 |
| 245 10 - TITLE STATEMENT | |
| Title | Biocomercio : |
| Remainder of title | estrategias para el desarrollo sostenible en Colombia / |
| Statement of responsibility, etc. | Instituto de Investigación de Recursos Biológicos Alexander Von Humboldt ; editor María Paula Quiceno Mesa |
| 246 10 - VARYING FORM OF TITLE | |
| Title proper/short title | Estrategias para el desarrollo sostenible en Colombia |
| 260 ## - PUBLICATION, DISTRIBUTION, ETC. | |
| Place of publication, distribution, etc. | Bogotá : |
| Name of publisher, distributor, etc. | Instituto Humboldt, |
| Date of publication, distribution, etc. | 2000. |
| 300 ## - PHYSICAL DESCRIPTION | |
| Extent | xxii, 433 páginas : |
| Other physical details | ilustraciones, gráficas y tablas ; |
| Dimensions | 28 cm. |
| 504 ## - BIBLIOGRAPHY, ETC. NOTE | |
| Bibliography, etc. note | Incluye referencias bibliográficas. |
| 505 0# - FORMATTED CONTENTS NOTE | |
| Formatted contents note | Estudios de mercado sobre productos naturales no maderables -- Tendencias del mercado internacional para recursos genéticos y bioquímicos -- Ecoturismo sostenible -- Ecoturismo -- Propuesta de un sistema mínimo de indicadores de aprovechamiento comercial sostenible de productos biológicos -- Mecanismos innovadores para la distribución equitativa de beneficios de los conocimientos de biodiversidad y otros conocimientos asociados -- El conocimiento tradicional y la propiedad intelectual -- Aspectos legales nacionales en comercio y biodiversidad -- La certificación: un seguro de credibilidad -- Pueblos indígenas de Colombia y el oro verde -- Los bionegocios: perspectivas del sector privado -- El papel de las organizaciones no gubernamentales en el uso sostenible y la comercialización de productos de la biodiversidad -- Base para la formulación de un plan nacional de biocomercio sostenible para Colombia -- |
| 650 14 - SUBJECT ADDED ENTRY--TOPICAL TERM | |
| Topical term or geographic name entry element | Desarrollo sostenible |
| Geographic subdivision | Colombia |
| 9 (RLIN) | 10195 |
| 650 24 - SUBJECT ADDED ENTRY--TOPICAL TERM | |
| Topical term or geographic name entry element | Conservación de la diversidad biológica |
| Geographic subdivision | Colombia |
| 9 (RLIN) | 35931 |
| 650 24 - SUBJECT ADDED ENTRY--TOPICAL TERM | |
| Topical term or geographic name entry element | Desarrollo económico |
| General subdivision | Aspectos ambientales |
| Geographic subdivision | Colombia |
| 9 (RLIN) | 35932 |
| 700 1# - ADDED ENTRY--PERSONAL NAME | |
| Personal name | Quiceno Mesa, María Paula, |
| Relator term | editora |
| 9 (RLIN) | 35933 |
| 942 ## - ADDED ENTRY ELEMENTS (KOHA) | |
| Source of classification or shelving scheme | Dewey Decimal Classification |
| Koha item type | Books |
| Withdrawn status | Lost status | Source of classification or shelving scheme | Damaged status | Not for loan | Home library | Current library | Shelving location | Date acquired | Source of acquisition | Total Checkouts | Full call number | Barcode | Date last seen | Copy number | Price effective from | Koha item type |
|---|---|---|---|---|---|---|---|---|---|---|---|---|---|---|---|---|
| Dewey Decimal Classification | Biblioteca Pública José María del Castillo y Rada | Biblioteca Pública José María del Castillo y Rada | General Stacks | Donación | 333.72 / I597b | 201810793 | 05/16/2024 | Ej.1 | Books |